000 00574nam a2200181Ia 4500
008 151018s9999 xx 000 0 und d
082 _bRBASDV7371
_a891.463
100 _aमुक्ता केणेकर
245 _aकवीची करामत
250 _b1
260 _bवोरा अड कंपनी
_c1971
300 _a103
600 _aमुक्ता केणेकर
630 _aकवीची करामत
700 _aमुक्ता केणेकर
730 _aकवीची करामत
942 _cBOOK
999 _c1009739
_d1009736